Normal view
MARC view
- AMAL DEV J
Entry Personal Name
001 - CONTROL NUMBER
- control field: 3972
003 - CONTROL NUMBER IDENTIFIER
- control field: OSt
005 - DATE AND TIME OF LATEST TRANSACTION
- control field: 20181119143727.0
008 - FIXED-LENGTH DATA ELEMENTS
- fixed length control field: 181119|| aca||aabn | a|a d
040 ## - CATALOGING SOURCE
- Original cataloging agency: OSt
- Transcribing agency: OSt
100 ## - HEADING--PERSONAL NAME
- Personal name: AMAL DEV J
670 ## - SOURCE DATA FOUND
- Source citation: Work cat.: (OSt)14905: AMAL DEV J ARYA K.T HARSHA V, Performance Evaluation of KAU Manure Pulverizer
